000
00290nam a2200121Ia 4500
008
190216s9999||||xx |||||||||||||| ||und||
100
_a
Madan Lal Goud
245
0
_a
Hindi-Pramath Kumar Sugjom Ki Kahaniyam
260
_b
Sahithya Accadamy
300
_a
208
650
_a
Hindi
942
_c
BK
999
_c
16243
_d
16243